Barack obama : (Record no. 14893)

000 -LEADER
fixed length control field 01951nam a2200205 a 4500
001 - CONTROL NUMBER
control field ASIN1848872798
005 - DATE AND TIME OF LATEST TRANSACTION
control field 20170105102906.0
008 - FIXED-LENGTH DATA ELEMENTS--GENERAL INFORMATION
fixed length control field 131024s2012 xxu eng d
020 ## - INTERNATIONAL STANDARD BOOK NUMBER
International Standard Book Number 1848872798 (hardcover)
Terms of availability $56.25
020 ## - INTERNATIONAL STANDARD BOOK NUMBER
International Standard Book Number 9781848872790 (hardcover)
040 ## - CATALOGING SOURCE
Original cataloging agency a
082 ## - DEWEY DECIMAL CLASSIFICATION NUMBER
Classification number 973.932092
Author Mark MAR 2012
100 1# - MAIN ENTRY--PERSONAL NAME
Personal name Maraniss, David.
245 10 - TITLE STATEMENT
Title Barack obama :
Remainder of title the making of man /
Statement of responsibility, etc. David Maraniss.
260 ## - PUBLICATION, DISTRIBUTION, ETC.
Place of publication, distribution, etc. [S.l.] :
Name of publisher, distributor, etc. Atlantic,
Date of publication, distribution, etc. 2012.
300 ## - PHYSICAL DESCRIPTION
Extent 656 p. ;
Dimensions 24 cm.
520 ## - SUMMARY, ETC.
Summary, etc. In Barack Obama, David Maraniss has written a sweeping narrative which reveals the real story of Obama's beginnings: child of a black man from Luoland and a white woman born in Texas. He charts the fortunes of the two disparate families, polar opposites in every way, which produced these two extraordinary individuals, who met briefly in Hawaii, never cohabited, and married only to legitimize the child born of that union. At the heart of Obama's psyche and his political beliefs - and therefore his presidency - is his life-long struggle to understand the extreme duality of his identity. Maraniss explores his extraordinary journey from a mixed race boy raised by white grandparents in laid-back Hawaii to an African America with a burning political vision and vocation. Barack Obama contains a wealth of new material. Maraniss reveals here previously unpublished love letters written by Obama as a young man in a search of an identity: black or white, writer or a man who could lead. He also includes the journal entries of Obama's first significant (white) girlfriend, which chart their intense relationship and the moment when young Barack realized that he must leave everything behind him and set out for Chicago in order to 'become' an African American. The story wrought here is one of fierce ambition, survival, and love.
856 40 - ELECTRONIC LOCATION AND ACCESS
Materials specified Amazon.com
Uniform Resource Identifier <a href="http://www.amazon.com/exec/obidos/ASIN/1848872798/chopaconline-20">http://www.amazon.com/exec/obidos/ASIN/1848872798/chopaconline-20</a>
942 ## - ADDED ENTRY ELEMENTS (KOHA)
Source of classification or shelving scheme
Koha item type Book
Holdings
Withdrawn status Lost status Damaged status Not for loan Collection code Permanent Location Current Location Shelving location Date acquired Total Checkouts Full call number Barcode Date last seen Price effective from Koha item type
          Centre for International Peace & Stability (CIPS) Centre for International Peace & Stability (CIPS) General Stacks 10/01/2013   973.932092 MAR 2012 CIPS0001167 10/24/2013 10/24/2013 Book
© 2023 Central Library, National University of Sciences and Technology. All Rights Reserved.